Statistics for Soccer team they did not play for- Multiple choice

Click here to take the quiz!

General Stats

  • This quiz has been taken 38 times
  • The average score is 11 of 20

Answer Stats

QuestionAnswer% Correct
Cristiano RonaldoBenfica
92%
Diego MaradonaInter Milan
92%
Zlatan IbrahimovicPSV Eindhoven
86%
David BeckhamJuventus
78%
Arjen RobbenAC Milan
72%
Samuel Eto'oManchester City
64%
Fernando TorresFenerbahce
58%
David VillaOsasuna
58%
Michael OwenSunderland
53%
Gary LinekerLiverpool
50%
Dimitar BerbatovPanathinaikos
50%
RonaldinhoSantos
50%
Nicolas AnelkaGalatasaray
42%
Thierry HenryParis Saint-Germain
42%
Henrik LarssonAjax
36%
George WeahOlympique Lyon
36%
Roberto BaggioParma
36%
Emmanuel AdebayorOlympique Marseille
33%
RivaldoCelta de Vigo
31%
Michael LaudrupAC Milan
28%

Score Distribution

Percentile by Number Answered

Percent of People with Each Score

Your Score History

You have not taken this quiz